Statistiques concernant Équipes-types de la Ligue des Champions : 2012

Cliquez ici pour prendre le quiz!

Statistiques générales

  • Ce quiz a été pris 498 fois
  • Le résultat moyen est 8 sur 11

Statistiques - réponses

PosteJoueurClub% Correct
AttaquantCristiano RonaldoRéal Madrid
96%
Ailier droitLionel MessiFC Barcelone
95%
GardienPetr CechChelsea
94%
AttaquantDidier DrogbaChelsea
93%
Ailier gaucheFranck RiberyBayern Munich
90%
Défenseur centralPepeRéal Madrid
87%
Latéral gaucheAshley ColeChelsea
69%
MilieuMesut OzilRéal Madrid
67%
Latéral droitBranislav IvanovicChelsea
42%
MilieuRamiresChelsea
30%
Défenseur centralPaulo JorgeAPOEL Nicosie
1%

Distribution des résultats

Percentile par nombre de réponses

% des personnes avec chaque résultat

Votre développement - résultats

Vous n’avez pas pris ce quiz